Statistics for FIFA 22 TOTW 31

Click here to take the quiz!

General Stats

  • This quiz has been taken 10 times
  • The average score is 9 of 23

Answer Stats

ClubPositionRatingAnswer% Correct
Man UnitedST93Cristiano Ronaldo
90%
Borussia DortmundST89Erling Haaland
90%
Bayern MunichCDM92Joshua Kimmich
90%
Inter MilanST88Lautaro Martinez
90%
Real MadridLB86Dani Carvajal
70%
SouthamptonGK84Fraser Forster
70%
NewcastleCM82Bruno Guimaraes
60%
CadizGK86Jeremias Ledesma
60%
AC MilanRB84Pierre Kalulu
50%
BrightonLWB81Leandro Trossard
40%
LyonST84Moussa Dembele
40%
PortoLW86Mehdi Taremi
30%
AngersCB81Romain Thomas
30%
Adelaide UnitedLM84Craig Goodwin
20%
Sparta PrahaCB81David Hancko
20%
FiorentinaCM83Lucas Torreira
20%
FC KolnLM81Florian Kainz
10%
Leyton OrientCB75Omar Beckles
10%
Western UnitedCAM73Lachlan Wales
0%
SchalkeCF78Marius Bulter
0%
FC RapidLW70Rares Ilie
0%
FreiburgRM81Roland Sallai
0%
New York City FCST78Valentin Castellanos
0%

Score Distribution

Percentile by Number Answered

Percent of People with Each Score

Your Score History

You have not taken this quiz